| 000 | 00442nam a2200157Ia 4500 | ||
|---|---|---|---|
| 008 | 210716s2006 xx 000 0 und d | ||
| 020 | _a8181284712 | ||
| 041 | _aeng | ||
| 082 | _a574.80285 HAEJ | ||
| 100 | _aHaefner, Jaames W. | ||
| 245 |
_aModeling biological systems: principles and applications. _bPrinciples and applications. |
||
| 250 | _a2 | ||
| 260 |
_aNew Delhi _bSpringer _c2006 |
||
| 300 | _axvi,475 | ||
| 650 | _aBioinformatics | ||
| 999 |
_c189509 _d189509 |
||